<?xml version="1.0" encoding="UTF-8"?><?xml-stylesheet type="text/xsl" href="static/style.xsl"?><OAI-PMH xmlns="http://www.openarchives.org/OAI/2.0/" xmlns:xsi="http://www.w3.org/2001/XMLSchema-instance" xsi:schemaLocation="http://www.openarchives.org/OAI/2.0/ http://www.openarchives.org/OAI/2.0/OAI-PMH.xsd"><responseDate>2026-04-18T17:03:05Z</responseDate><request verb="GetRecord" identifier="oai:recam.amb.cat:20.500.14439/1465" metadataPrefix="marc">https://recam.amb.cat/rest/oai/request</request><GetRecord><record><header><identifier>oai:recam.amb.cat:20.500.14439/1465</identifier><datestamp>2025-02-20T13:46:41Z</datestamp><setSpec>com_20.500.14439_153</setSpec><setSpec>com_20.500.14439_128</setSpec><setSpec>col_20.500.14439_4329</setSpec></header><metadata><record xmlns="http://www.loc.gov/MARC21/slim" xmlns:dcterms="http://purl.org/dc/terms/" xmlns:xsi="http://www.w3.org/2001/XMLSchema-instance" xmlns:doc="http://www.lyncode.com/xoai" xsi:schemaLocation="http://www.loc.gov/MARC21/slim http://www.loc.gov/standards/marcxml/schema/MARC21slim.xsd">
   <leader>00925njm 22002777a 4500</leader>
   <datafield ind2=" " ind1=" " tag="042">
      <subfield code="a">dc</subfield>
   </datafield>
   <datafield ind2=" " ind1=" " tag="720">
      <subfield code="a">Àrea Metropolitana de Barcelona</subfield>
      <subfield code="e">author</subfield>
   </datafield>
   <datafield ind2=" " ind1=" " tag="260">
      <subfield code="c">2019-06-01</subfield>
   </datafield>
   <datafield ind2=" " ind1=" " tag="520">
      <subfield code="a">Els fluxos de mobilitat i logística són essencials en qualsevol metròpolis perquè les seves dinàmiques fan possible les interaccions entre les persones i les apropen a les activitats. En un territori tan divers com l'àrea metropolitana de Barcelona la mobilitat és un vector clau per al seu desenvolupament social i econòmic. Tanmateix, aquests fluxos, principalment els del vehicle privat motoritzat, són responsables d'impactes negatius que la societat absorbeix i que afecten de manera important la salut de les persones, el medi ambient, l'economia i l'equitat social. La mobilitat i la forma en què la societat s'assenta en el territori estan molt relacionades, i els efectes d'una influencien i condicionen l'altra. Així doncs, és fonamental tenir una visió que integri l'urbanisme amb la mobilitat i les infraestructures i serveis de transport  una visió àmplia i transdisciplinària que vertebri tots aquests conceptes i estableixi sinergies per aconseguir una metròpolis més accessible, integrada i eficient, una metròpolis amb més sostenibilitat social, econòmica i ambiental. "Mobilitat i infraestructures del transport" és el recull de les consideracions realitzades en les taules d'experts i forma part de la col·lecció "Quaderns PDU metropolità_Directrius urbanístiques", que és la plataforma de difusió d'idees, dades i noves perspectives de coneixement de l'àrea metropolitana de Barcelona i del procés de redacció del Pla director urbanístic metropolità (PDU).</subfield>
   </datafield>
   <datafield ind1="8" ind2=" " tag="024">
      <subfield code="a">2339-8922</subfield>
   </datafield>
   <datafield ind1="8" ind2=" " tag="024">
      <subfield code="a">https://hdl.handle.net/20.500.14439/1465</subfield>
   </datafield>
   <datafield ind1="8" ind2=" " tag="024">
      <subfield code="a">9054094</subfield>
   </datafield>
   <datafield ind1="8" ind2=" " tag="024">
      <subfield code="a">B 29171-2019</subfield>
   </datafield>
   <datafield tag="653" ind2=" " ind1=" ">
      <subfield code="a">Transport públic</subfield>
   </datafield>
   <datafield tag="653" ind2=" " ind1=" ">
      <subfield code="a">Infraestructures de transport</subfield>
   </datafield>
   <datafield ind2="0" ind1="0" tag="245">
      <subfield code="a">Mobilitat i infraestructures del transport</subfield>
   </datafield>
</record></metadata></record></GetRecord></OAI-PMH>